LEADER 01565nam a2200289 u 4500 001 000000007476 003 CaOOAMICUS 005 20070226105004.0 008 941013s1979 it u000 u ita u 035 $a10195579 040 $aEFR$bita 100 1 $aRusconi, Roberto,$d1946-$0(OLS)http://pul/name/7560 245 12$aL'attesa della fine :$bcrisi della società, profezia ed Apocalisse in Italia al tempo del grande scisma d'Occidente (1378-1417) /$cRoberto Rusconi. 260 $aRoma :$bIstituto storico italiano per il Medio Evo,$c1979. 300 $a282, [1] p. ;$c25 cm 490 1 $aIstituto Storico Italiano per il Medo Evo. Studi storici, ;$vfacs. 115-118 650 4$aEscatologia.$0(OLS)http://pul/subject/791 650 4$aScisma d'Occidente, 1378-1417.$0(OLS)http://pul/subject/1199 651 4$aItalia$xStoria$ySec. XIV-XV.$0(OLS)http://pul/subject/6634 710 2 $aIstituto storico italiano per il Medio Evo (Roma).$0(OLS)http://pul/name/3115 830 0$aStudi storici (Istituto storico italiano per il Medio Evo) ;$vfasc. 115-118.$0(OLS)http://pul/title/6355 850 $aPUL 852 $aPUL$W1$xSL Filosofia 1$y2$m110 D 27$j10555$nBK-PRI$b $qStampati$B10555$CPULBib$Z2$F10555 $H $81 941 1 $a8 961 $aINV: 60525 996 $6245$aL'attesa della fine :$bcrisi della società, profezia ed Apocalisse in Italia al tempo del grande scisma d'Occidente (1378-1417)$9(OLS)http://pul/title/10963 996 $6260$aRoma :$bIstituto storico italiano per il Medio Evo$9(OLS)http://pul/publisher/49609 LEADER 01391namaa2200349 i 4500 001 000000177349 003 CaOOAMICUS 005 20241003110751.0 007 tu 008 241003s2014 it 000 u ita r 020 $a978-88-14-19016-2* 040 $aPUL$bita$erda 082 0 $a343.2407 100 1 $aLibertini, Mario ,$d1942-,$eautore.$0(OLS)http://pul/name/100419 245 10$aDiritto della concorrenza dell'Unione europea /$cMario Libertini. 264 4$c©2014. 264 1$aMilano :$bGiuffrè,$c[2014] 300 $aXV, 634 pagine ;$c25 cm 336 $atesto$btxt$2rdacontent 337 $asenza mediazione$bn$2rdamedia 338 $avolume$bnc$2rdacarrier 504 $aBibliografia in nota a piè pagina. 650 4$aConcorrenza$xDiritto$zEuropa.$0(OLS)http://pul/subject/35498 850 $aPUL 852 $aPUL$W1$xSL Diritto e Scienze Sociali 3$y79$m343. 2407 LIBMA 1$j201305$qDDC 21$B206301$CPULBib$Z2$F206301 $H137429 $82 941 1 $a9 996 $6020$a978-88-14-19016-2*$9(OLS)http://pul/number/170051 996 $6082$a343.2407$9(OLS)http://pul/classification/3550 996 $6245$aDiritto della concorrenza dell'Unione europea$9(OLS)http://pul/title/218857 996 $6264$aMilano :$bGiuffrè$9(OLS)http://pul/publisher/48401 996 $6264$a[S.l.] :$b[s.n.]$9(OLS)http://pul/publisher/0